Citations de RRRrrrr!!! (QCM) - Statistiques

Statistiques générales
  • Ce quiz a été pris 711 fois
  • Le résultat moyen est 7 sur 10
Statistiques - réponses
Question Réponse % Correct
"– Ça va être tout noir ! – _____ !" Ta gueule
100%
"– Très bien, on va faire l’appel. – _____ ? – Présent. – _____ ? – Présent. – _____ ? – Présente." Pierre
98%
"Elle est morte de _____... mais jeune." vieillesse
98%
"– C’est quoi ton type de femme à toi ? – _____" Vivante
94%
"Mais si c’est pas un animal qui l’a tué, c’est peut être un _____ !" végétal
77%
"Je vais te réciter un court poème : « _____ »." Le Ciel
62%
"J’ai toujours été _____, mon grand père était _____, mon père était _____, mes enfants et mes petits enfants étaient _____." frisé(s)
53%
J’aime bien votre _____, mais vous aurez la même demain ? haleine
35%
"Je vois l’intérêt de caresser une joue, je vois l’intérêt _____ mais je vois pas l’intérêt de tuer quelqu’un." de bouger les cailloux
33%
"- Vous en étiez où dans vos acquis ? - On était très évolués, on allait juste se mettre _____ !" à croire on Dieu
26%
Aucun quiz correspondant
Distribution des résultats
% des personnes avec chaque résultat
Percentile par nombre de réponses
Votre historique - résultats
Vous n’avez pas pris ce quiz